[Event "4th Memorial Warakomska-B 2020"]
[Site "Suwalki"]
[Date "2020.08.09"]
[Round "5.11"]
[White "Siekanska, Zuzanna"]
[Black "Czech, Mieczyslaw"]
[Result "1/2-1/2"]
[WhiteElo "1680"]
[BlackElo "1863"]
[Annotator "NA"]
[PlyCount "102"]
[EventDate "2020.08.06"]
[EventType "swiss"]
[EventCountry "POL"]
[SourceTitle "playchess.com"]
[Source "ChessBase"]
[SourceQuality "1"]
[TimeControl "40/5400+30:1800+30"]

1. d4 {[%emt 0:00:00]} d5 {[%emt 0:00:00]} 2. c4 {[%emt 0:00:00]} e6 {[%emt 0:01:07]} 3. Nc3 {[%emt 0:00:00]} Nf6 {[%emt 0:01:09]} 4. cxd5 {[%emt 0:00:00]} exd5 {[%emt 0:00:04]} 5. Bg5 {[%emt 0:00:05]} Be7 {[%emt 0:01:59]} 6. e3 {[%emt 0:00:28]} c6 {[%emt 0:00:08]} 7. Bd3 {[%emt 0:00:21]} O-O {[%emt 0:02:28]} 8. Qc2 {[%emt 0:00:19]} Nbd7 {[%emt 0:00:24]} 9. Nf3 {[%emt 0:00:15]} Re8 {[%emt 0:01:07]} 10. O-O {[%emt 0:00:11]} Nf8 {[%emt 0:02:34]} 11. h3 {[%emt 0:00:19]} Be6 {[%emt 0:01:11]} 12. Rab1 {[%emt 0:01:00]} a5 {[%emt 0:01:34]} 13. a3 {[%emt 0:02:14] D36: Queen's Gambit Declined: Exchange Variation: Main line (5 Bg5 c6 6 Qc2).} N6d7 {[%emt 0:01:02]} 14. Bf4 {[%emt 0:00:35]} Rc8 {[%emt 0:01:54]} 15. b4 {[%emt 0:04:28]} axb4 {[%emt 0:04:50]} 16. axb4 {[%emt 0:00:08] [#]} Ng6 $146 {[%emt 0:01:27]} ({Black should play Predecessor:} 16... b5 $11 17. e4 dxe4 18. Nxe4 Nb6 19. Nc5 Bc4 20. Bxc4 Nxc4 21. Rbd1 Ng6 22. Bg3 Qd5 {1-0 (45) Balashov,Y (2434)-Gunchenko,V (2338) Taganrog 2018}) 17. Bh2 {[%emt 0:00:24]} b5 {[%emt 0:08:52]} 18. Ne5 {[%emt 0:13:37]} Ndxe5 {[%emt 0:03:15]} 19. dxe5 {[%emt 0:00:11]} Qb6 {[%emt 0:07:07]} 20. Kh1 {[%emt 0:05:43]} Nf8 {[%emt 0:02:25]} (20... c5 $11 21. bxc5 (21. Bxb5 Red8 $11) 21... Qxc5 22. Bxb5 Red8) 21. Qe2 {[%emt 0:12:35]} f5 {[%emt 0:11:09]} 22. exf6 {[%emt 0:04:31]} Bxf6 {[%emt 0:00:16]} 23. Qd2 {[%emt 0:01:41]} Qd8 {[%emt 0:04:02]} 24. Ne2 {[%emt 0:01:46]} Qe7 {[%emt 0:01:43]} 25. Nd4 {[%emt 0:03:39]} Bd7 {[%emt 0:01:06]} 26. Nf5 {[%emt 0:04:08]} Bxf5 $11 {[%emt 0:01:11]} 27. Bxf5 {[%emt 0:00:04]} Ra8 {[%emt 0:00:44]} 28. Rfc1 {[%emt 0:03:29]} Qb7 {[%emt 0:04:09]} 29. Qc2 {[%emt 0:02:21]} Ra6 {[%emt 0:00:45]} 30. Bd6 {[%emt 0:00:47]} g6 {[%emt 0:03:35]} 31. Bg4 {[%emt 0:00:33]} Nd7 {[%emt 0:03:36]} 32. Bxd7 {[%emt 0:08:49]} Qxd7 {[%emt 0:00:07]} 33. Bc5 {[%emt 0:00:53]} Re4 {[%emt 0:01:15]} 34. Rd1 {[%emt 0:06:43]} Rc4 {[%emt 0:00:43]} 35. Qe2 {[%emt 0:01:25]} Qe6 {[%emt 0:01:08]} 36. Qf3 {[%emt 0:01:46]} Ra2 {[%emt 0:00:58]} 37. Ra1 {[%emt 0:02:05]} Rcc2 {[%emt 0:00:57]} 38. Qf4 {[%emt 0:02:40]} Qe5 {[%emt 0:01:44]} 39. Rxa2 {[%emt 0:02:35]} Rxa2 {[%emt 0:02:40]} 40. Qg4 {[%emt 0:00:00]} Qf5 {[%emt 0:00:00]} 41. Qxf5 {[%emt 0:05:53]} gxf5 {[%emt 0:00:25]} 42. Kg1 {[%emt 0:02:49]} Kf7 {[%emt 0:00:40]} 43. g3 {[%emt 0:01:08]} Ke6 {[%emt 0:00:44]} 44. Kg2 {[%emt 0:00:20]} Rc2 {[%emt 0:02:39]} 45. Kf3 {[%emt 0:03:34]} h5 {[%emt 0:01:07]} 46. Rg1 {[%emt 0:01:19]} Rd2 {[%emt 0:06:12]} 47. Rc1 {[%emt 0:02:14]} Kd7 {[%emt 0:00:30]} 48. Re1 {[%emt 0:02:07]} Ke6 {[%emt 0:02:49]} 49. Rc1 {[%emt 0:00:21]} Kd7 {[%emt 0:00:20]} 50. Re1 {[%emt 0:00:23]} Ke6 {[%emt 0:00:17]} 51. Rc1 {[%emt 0:00:06]} Ke5 1/2-1/2

[Event "4th Memorial Warakomska-B 2020"]
[Site "Suwalki"]
[Date "2020.08.09"]
[Round "5.12"]
[White "Kopaczewski, Zbigniew"]
[Black "Bancarewicz, Aleks"]
[Result "0-1"]
[WhiteElo "1488"]
[BlackElo "1781"]
[Annotator "NA"]
[PlyCount "78"]
[EventDate "2020.08.06"]
[EventType "swiss"]
[EventCountry "POL"]
[SourceTitle "playchess.com"]
[Source "ChessBase"]
[SourceQuality "1"]
[TimeControl "40/5400+30:1800+30"]

1. e3 {[%emt 0:04:47]} e5 {[%emt 0:00:00]} 2. a3 {[%emt 0:01:12]} d5 {[%emt 0:01:06]} 3. d4 {[%emt 0:03:11]} exd4 {[%emt 0:06:52]} 4. Qxd4 {[%emt 0:04:05]} Nf6 {[%emt 0:05:01]} 5. Nf3 {[%emt 0:06:48]} Bd6 {[%emt 0:04:22]} 6. Qa4+ {[%emt 0:11:20]} c6 {[%emt 0:04:47]} 7. Nbd2 {[%emt 0:03:16]} O-O {[%emt 0:03:02]} 8. b4 {[%emt 0:08:13]} Bf5 {[%emt 0:11:09]} 9. Bb2 {[%emt 0:08:53]} Nbd7 {[%emt 0:02:29]} 10. Qb3 {[%emt 0:13:16]} a5 {[%emt 0:05:56]} 11. c4 {[%emt 0:06:46]} axb4 {[%emt 0:02:11]} 12. axb4 {[%emt 0:00:08]} Rxa1+ {[%emt 0:00:12]} 13. Bxa1 {[%emt 0:00:11]} dxc4 {[%emt 0:06:05]} 14. Bxc4 {[%emt 0:03:41]} Nb6 {[%emt 0:03:15]} 15. Be2 {[%emt 0:03:06]} Be6 16. Qb2 {[%emt 0:02:35]} h6 {[%emt 0:30:39]} 17. O-O {[%emt 0:01:51]} Qe7 {[%emt 0:00:10]} 18. Ne4 {[%emt 0:01:24]} Ne8 {[%emt 0:04:04]} 19. Nxd6 {[%emt 0:01:15]} Qxd6 {[%emt 0:00:06]} 20. Rd1 {[%emt 0:01:21]} Qe7 {[%emt 0:01:43]} 21. Qd4 {[%emt 0:00:50]} Nd5 {[%emt 0:01:23]} 22. Rb1 {[%emt 0:02:40]} Bf5 {[%emt 0:00:54]} 23. Rb2 {[%emt 0:00:42]} Qe4 {[%emt 0:00:39]} 24. Qc5 {[%emt 0:01:44]} Nef6 {[%emt 0:02:15]} 25. Nd4 {[%emt 0:01:03]} Ra8 {[%emt 0:01:03]} 26. Qc1 {[%emt 0:01:22]} Bg6 {[%emt 0:00:45]} 27. b5 {[%emt 0:01:35]} c5 {[%emt 0:01:01]} 28. Nb3 {[%emt 0:00:41]} b6 {[%emt 0:00:31]} 29. Bf3 {[%emt 0:01:02]} Qa4 {[%emt 0:00:53]} 30. Be2 {[%emt 0:01:51]} Nb4 {[%emt 0:01:08]} 31. f3 {[%emt 0:02:11]} Bd3 {[%emt 0:00:35]} 32. Qc3 {[%emt 0:01:07]} c4 {[%emt 0:01:06]} 33. Bxd3 {[%emt 0:00:46]} Nxd3 {[%emt 0:00:23]} 34. Rb1 {[%emt 0:00:16]} Qa2 {[%emt 0:00:30]} 35. Nd2 {[%emt 0:00:16]} Ra3 {[%emt 0:00:25]} 36. Qxc4 {[%emt 0:00:50]} Qxd2 {[%emt 0:00:41]} 37. Qc8+ {[%emt 0:00:11]} Kh7 {[%emt 0:00:14]} 38. Qf5+ {[%emt 0:00:37]} Kh8 {[%emt 0:00:41]} 39. Bxf6 {[%emt 0:00:43]} Qxe3+ 0-1

[Event "4th Memorial Warakomska-B 2020"]
[Site "Suwalki"]
[Date "2020.08.09"]
[Round "5.13"]
[White "Jasiulewicz, Dawid"]
[Black "Wasik, Jozef"]
[Result "1/2-1/2"]
[WhiteElo "1374"]
[BlackElo "1646"]
[Annotator "NA"]
[PlyCount "108"]
[EventDate "2020.08.06"]
[EventType "swiss"]
[EventCountry "POL"]
[SourceTitle "playchess.com"]
[Source "ChessBase"]
[SourceQuality "1"]
[TimeControl "40/5400+30:1800+30"]

1. d4 {[%emt 0:00:00]} f5 {[%emt 0:00:40]} 2. Nf3 {[%emt 0:01:01]} Nf6 {[%emt 0:01:09]} 3. g3 {[%emt 0:01:09]} g6 {[%emt 0:00:44]} 4. Bg2 {[%emt 0:01:22]} Bg7 {[%emt 0:00:26]} 5. O-O {[%emt 0:01:44]} d6 {[%emt 0:02:03]} 6. c4 {[%emt 0:02:08]} O-O {[%emt 0:00:57]} 7. Nc3 {[%emt 0:01:16]} c6 {[%emt 0:01:23]} 8. Qb3 {[%emt 0:04:20]} Qb6 {[%emt 0:08:06]} 9. Rd1 {[%emt 0:02:11]} Na6 {[%emt 0:02:08]} 10. Be3 {[%emt 0:11:01]} Qxb3 {[%emt 0:08:49]} 11. axb3 {[%emt 0:00:06]} Nb4 {[%emt 0:00:35]} 12. Ra4 {[%emt 0:05:08]} Na6 {[%emt 0:06:21]} 13. b4 {[%emt 0:04:59]} Nc7 {[%emt 0:04:30]} 14. Rda1 {[%emt 0:06:30]} a6 {[%emt 0:01:23]} 15. Nd2 {[%emt 0:03:11]} Bd7 {[%emt 0:02:02]} 16. Nb3 {[%emt 0:07:39]} Ng4 {[%emt 0:11:32]} 17. Bd2 {[%emt 0:07:49]} Rfb8 {[%emt 0:06:10]} 18. h3 {[%emt 0:05:23]} Nf6 {[%emt 0:02:30]} 19. c5 {[%emt 0:04:13]} Be6 {[%emt 0:04:07]} 20. Na5 {[%emt 0:03:44]} Bd5 {[%emt 0:14:41]} 21. f3 {[%emt 0:04:12]} Nfe8 {[%emt 0:03:34]} 22. e3 {[%emt 0:02:01]} e5 {[%emt 0:02:31]} 23. Ne2 {[%emt 0:02:10]} b6 {[%emt 0:07:12]} 24. cxb6 {[%emt 0:01:05]} Rxb6 {[%emt 0:00:12]} 25. e4 {[%emt 0:03:29]} fxe4 {[%emt 0:01:35]} 26. fxe4 {[%emt 0:00:05]} Be6 {[%emt 0:00:14]} 27. Rc1 {[%emt 0:04:38]} Bd7 {[%emt 0:01:16]} 28. dxe5 {[%emt 0:01:50]} dxe5 {[%emt 0:00:42]} 29. Be3 {[%emt 0:01:55]} c5 {[%emt 0:03:44]} 30. Bxc5 {[%emt 0:02:23]} Bxa4 {[%emt 0:00:35]} 31. Bxb6 {[%emt 0:00:06]} Ne6 {[%emt 0:00:19]} 32. Nc3 {[%emt 0:01:01]} Bb5 {[%emt 0:00:20]} 33. Nxb5 {[%emt 0:02:50]} axb5 {[%emt 0:00:03]} 34. Bf1 {[%emt 0:00:35]} Nd6 {[%emt 0:00:15]} 35. Bd3 {[%emt 0:00:42]} Nd4 {[%emt 0:00:26]} 36. Bxd4 {[%emt 0:01:46]} exd4 {[%emt 0:00:04]} 37. Rc5 {[%emt 0:01:18]} Re8 {[%emt 0:00:14]} 38. Kg2 {[%emt 0:00:29]} Nxe4 {[%emt 0:00:17]} 39. Rxb5 {[%emt 0:00:54]} Nd6 {[%emt 0:02:18]} 40. Rd5 {[%emt 0:00:00]} Re3 {[%emt 0:00:00]} 41. Bxg6 {[%emt 0:03:16]} hxg6 {[%emt 0:00:52]} 42. Rxd6 {[%emt 0:00:38]} Re2+ {[%emt 0:02:24]} 43. Kf3 {[%emt 0:01:20]} Rxb2 {[%emt 0:00:17]} 44. Nc6 {[%emt 0:00:59]} Rb3+ {[%emt 0:01:10]} 45. Kf2 {[%emt 0:00:44]} Kh7 {[%emt 0:02:54]} 46. Rd5 {[%emt 0:05:05]} Rb2+ {[%emt 0:02:58]} 47. Kf3 {[%emt 0:01:25]} Rb3+ {[%emt 0:01:36]} 48. Kg4 {[%emt 0:01:35]} Kh6 {[%emt 0:02:13]} 49. b5 {[%emt 0:01:58]} d3 {[%emt 0:01:58]} 50. Ne7 {[%emt 0:05:50]} d2 {[%emt 0:05:01]} 51. Rxd2 {[%emt 0:03:45]} Rxb5 {[%emt 0:00:17]} 52. Rd6 {[%emt 0:00:57]} Rg5+ {[%emt 0:00:42]} 53. Kh4 {[%emt 0:01:39]} Rh5+ {[%emt 0:00:23]} 54. Kg4 {[%emt 0:00:25]} Rg5+ {[%emt 0:00:14]} 1/2-1/2

[Event "4th Memorial Warakomska-B 2020"]
[Site "Suwalki"]
[Date "2020.08.09"]
[Round "5.14"]
[White "Pieczulis, Blazej"]
[Black "Sapinski, Sebastian"]
[Result "0-1"]
[WhiteElo "1608"]
[BlackElo "1603"]
[Annotator "NA"]
[PlyCount "92"]
[EventDate "2020.08.06"]
[EventType "swiss"]
[EventCountry "POL"]
[SourceTitle "playchess.com"]
[Source "ChessBase"]
[SourceQuality "1"]
[TimeControl "40/5400+30:1800+30"]

1. d4 {[%emt 0:00:00]} e6 {[%emt 0:00:00]} 2. c4 {[%emt 0:00:00]} Nf6 {[%emt 0:00:00]} 3. Nc3 {[%emt 0:00:00]} Bb4 {[%emt 0:00:00]} 4. Qc2 {[%emt 0:00:04]} O-O {[%emt 0:00:00]} 5. Bg5 {[%emt 0:00:23]} h6 {[%emt 0:00:18]} 6. Bh4 {[%emt 0:01:00]} d6 {[%emt 0:06:52]} 7. Nf3 {[%emt 0:04:16]} Nbd7 {[%emt 0:02:48]} 8. e3 {[%emt 0:05:44]} b6 {[%emt 0:01:38]} 9. Be2 {[%emt 0:01:38]} Bb7 {[%emt 0:00:46]} 10. O-O {[%emt 0:01:53]} Bxc3 {[%emt 0:00:15]} 11. bxc3 {[%emt 0:00:18]} c5 {[%emt 0:00:36]} 12. Nd2 {[%emt 0:03:42]} Qc7 {[%emt 0:07:07]} 13. Rac1 {[%emt 0:07:07]} Rac8 {[%emt 0:06:49]} 14. Nb3 {[%emt 0:03:20]} g5 {[%emt 0:04:58]} 15. Bg3 {[%emt 0:00:31]} Ne4 {[%emt 0:00:16]} 16. Rfd1 {[%emt 0:12:16]} Nxg3 {[%emt 0:07:14]} 17. hxg3 {[%emt 0:00:11]} f5 {[%emt 0:02:43]} 18. d5 {[%emt 0:14:21]} exd5 {[%emt 0:12:28]} 19. cxd5 {[%emt 0:00:11]} Ne5 {[%emt 0:00:12]} 20. f4 {[%emt 0:07:41]} Ng6 {[%emt 0:10:05]} 21. fxg5 {[%emt 0:12:49]} hxg5 {[%emt 0:00:15]} 22. Rf1 {[%emt 0:00:37]} Qf7 {[%emt 0:02:36]} 23. Bd3 {[%emt 0:00:52]} Ne7 {[%emt 0:06:30]} 24. c4 {[%emt 0:02:28]} Rce8 {[%emt 0:01:41]} 25. e4 {[%emt 0:07:10]} f4 {[%emt 0:02:41]} 26. gxf4 {[%emt 0:01:15]} gxf4 {[%emt 0:00:14]} 27. Nd2 {[%emt 0:06:16]} Qg7 {[%emt 0:02:11]} 28. Nf3 {[%emt 0:00:15]} Ng6 {[%emt 0:00:14]} 29. Rce1 {[%emt 0:02:13]} Ne5 {[%emt 0:03:19]} 30. Nxe5 {[%emt 0:01:30]} Rxe5 {[%emt 0:00:08]} 31. Rf3 {[%emt 0:02:13]} Bc8 {[%emt 0:00:13]} 32. Ref1 {[%emt 0:01:55]} Qh6 {[%emt 0:00:32]} 33. g3 {[%emt 0:00:35]} Rh5 {[%emt 0:01:53]} 34. Qc3 {[%emt 0:01:13]} Rh1+ {[%emt 0:01:15]} 35. Kf2 {[%emt 0:00:13]} fxg3+ {[%emt 0:00:49]} 36. Ke2 {[%emt 0:00:52]} Bg4 {[%emt 0:00:47]} 37. e5 {[%emt 0:00:42]} Bxf3+ {[%emt 0:01:42]} 38. Rxf3 {[%emt 0:00:16]} Rh2+ {[%emt 0:02:40]} 39. Ke1 {[%emt 0:00:29]} Rxf3 {[%emt 0:00:50]} 40. e6 {[%emt 0:00:00]} Qe3+ {[%emt 0:00:00]} 41. Kd1 {[%emt 0:01:02]} Rf1+ {[%emt 0:00:35]} 42. Bxf1 {[%emt 0:00:17]} Qxc3 {[%emt 0:00:04]} 43. Be2 {[%emt 0:00:12]} Rh1+ {[%emt 0:00:25]} 44. Bf1 {[%emt 0:00:04]} Rxf1+ {[%emt 0:00:13]} 45. Ke2 {[%emt 0:00:05]} Rf2+ {[%emt 0:00:04]} 46. Kd1 {[%emt 0:00:06]} Qd2# {[%emt 0:00:03]} 0-1

[Event "4th Memorial Warakomska-B 2020"]
[Site "Suwalki"]
[Date "2020.08.10"]
[Round "6.1"]
[White "Wolagiewicz, Kinga"]
[Black "Borowik, Wojciech"]
[Result "1-0"]
[WhiteElo "1719"]
[BlackElo "1769"]
[Annotator "NA"]
[PlyCount "73"]
[EventDate "2020.08.06"]
[EventType "swiss"]
[EventCountry "POL"]
[SourceTitle "playchess.com"]
[Source "ChessBase"]
[SourceQuality "1"]
[TimeControl "40/5400+30:1800+30"]

1. e4 {[%emt 0:00:00]} c5 {[%emt 0:00:00]} 2. Nf3 {[%emt 0:00:00]} d6 {[%emt 0:00:00]} 3. d4 {[%emt 0:00:01]} cxd4 {[%emt 0:00:00]} 4. Nxd4 {[%emt 0:00:05]} Nf6 {[%emt 0:00:04]} 5. Nc3 {[%emt 0:00:17]} a6 {[%emt 0:00:28]} 6. a4 {[%emt 0:00:16]} e5 {[%emt 0:00:14]} 7. Nb3 {[%emt 0:00:28]} Be6 {[%emt 0:00:42]} 8. Be2 {[%emt 0:00:43]} Be7 {[%emt 0:00:16]} 9. O-O {[%emt 0:00:23]} Nbd7 {[%emt 0:02:18]} 10. Kh1 {[%emt 0:01:53]} O-O {[%emt 0:00:49]} 11. f4 {[%emt 0:00:35]} exf4 {[%emt 0:02:46]} 12. Bxf4 {[%emt 0:00:19]} Ne5 {[%emt 0:08:36]} 13. Nd4 {[%emt 0:06:03]} Ng6 {[%emt 0:12:23]} 14. Bg3 {[%emt 0:10:06]} Bd7 {[%emt 0:06:49]} 15. Nf5 {[%emt 0:08:50]} Bxf5 {[%emt 0:00:43]} 16. exf5 {[%emt 0:00:05]} Ne5 {[%emt 0:00:18]} 17. Qd4 {[%emt 0:04:25]} Qc7 {[%emt 0:02:03]} 18. Bd3 {[%emt 0:05:24]} h6 {[%emt 0:07:59]} 19. Rae1 {[%emt 0:05:45]} Rad8 {[%emt 0:05:39]} 20. Bh4 {[%emt 0:05:49]} Nc6 {[%emt 0:03:01]} 21. Qf4 {[%emt 0:07:20]} Nh5 {[%emt 0:06:37]} 22. Rxe7 {[%emt 0:14:53]} Qxe7 {[%emt 0:18:07]} 23. Bxe7 {[%emt 0:07:42]} Nxf4 {[%emt 0:00:09]} 24. Bxf8 {[%emt 0:00:15]} Nxd3 {[%emt 0:00:21]} 25. Bxg7 {[%emt 0:00:17]} Nxb2 {[%emt 0:00:37]} 26. Bxh6 {[%emt 0:00:19]} d5 {[%emt 0:02:26]} 27. Rb1 {[%emt 0:04:29]} d4 {[%emt 0:01:28]} 28. Ne4 {[%emt 0:01:50]} Nxa4 {[%emt 0:01:02]} 29. Rxb7 {[%emt 0:01:07]} Rb8 {[%emt 0:02:21]} 30. Rxb8+ {[%emt 0:05:34]} Nxb8 {[%emt 0:00:19]} 31. Nf6+ {[%emt 0:00:22]} Kh8 {[%emt 0:00:05]} 32. Bf8 {[%emt 0:00:24]} Nb2 {[%emt 0:11:11]} 33. h4 {[%emt 0:00:07]} d3 {[%emt 0:05:18]} 34. cxd3 {[%emt 0:00:22]} Nxd3 {[%emt 0:00:07]} 35. h5 {[%emt 0:00:51]} Nf4 {[%emt 0:00:47]} 36. h6 {[%emt 0:00:12]} Nd7 {[%emt 0:01:04]} 37. Bg7# {[%emt 0:00:08]} 1-0

[Event "4th Memorial Warakomska-B 2020"]
[Site "Suwalki"]
[Date "2020.08.10"]
[Round "6.2"]
[White "Ryszkiewicz, Adam"]
[Black "Kaminski, Maciej"]
[Result "1/2-1/2"]
[WhiteElo "1941"]
[BlackElo "1869"]
[Annotator "ChessBase"]
[PlyCount "104"]
[EventDate "2020.08.06"]
[EventType "swiss"]
[EventCountry "POL"]
[SourceTitle "playchess.com"]
[Source "ChessBase"]
[SourceQuality "1"]
[TimeControl "40/5400+30:1800+30"]

1. e4 {[%emt 0:00:00]} c5 {[%emt 0:00:00]} 2. Nf3 {[%emt 0:00:00]} Nc6 {[%emt 0:00:00]} 3. d4 {[%emt 0:00:00]} cxd4 {[%emt 0:00:00]} 4. Nxd4 {[%emt 0:00:00]} Nf6 {[%emt 0:00:00]} 5. Nc3 {[%emt 0:00:00]} e6 {[%emt 0:00:00]} 6. Nxc6 {[%emt 0:00:00]} bxc6 {[%emt 0:00:00]} 7. e5 {[%emt 0:00:00]} Nd5 {[%emt 0:00:00]} 8. Ne4 {[%emt 0:00:01]} Bb7 {[%emt 0:00:03]} 9. a3 {[%emt 0:05:44]} c5 {[%emt 0:01:46]} 10. c4 {[%emt 0:02:19]} Ne3 {[%emt 0:01:56]} 11. Bxe3 {[%emt 0:02:39]} Bxe4 {[%emt 0:00:09]} 12. f3 {[%emt 0:00:51]} Bc6 {[%emt 0:00:58]} 13. Qc2 {[%emt 0:05:37]} Qc7 {[%emt 0:14:11]} 14. Qc3 {[%emt 0:00:52]} Be7 {[%emt 0:02:14]} 15. Be2 {[%emt 0:04:46]} Rb8 {[%emt 0:03:15]} 16. O-O {[%emt 0:09:58]} a5 {[%emt 0:03:54]} 17. Bd1 {[%emt 0:07:33]} f6 {[%emt 0:09:28]} 18. Bf4 {[%emt 0:01:14]} g5 {[%emt 0:09:02]} 19. exf6 {[%emt 0:08:04]} Qxf4 {[%emt 0:01:13]} 20. fxe7 {[%emt 0:00:06]} Qd4+ {[%emt 0:02:18]} 21. Qxd4 {[%emt 0:00:42]} cxd4 {[%emt 0:00:03]} 22. b3 {[%emt 0:06:26]} e5 {[%emt 0:03:50]} 23. Re1 {[%emt 0:02:06]} d6 {[%emt 0:00:11]} 24. Rb1 {[%emt 0:00:11]} Kxe7 {[%emt 0:01:50]} 25. Bc2 {[%emt 0:05:35]} Kf6 {[%emt 0:04:47]} 26. Bd3 {[%emt 0:07:33]} d5 {[%emt 0:02:47]} 27. Rec1 {[%emt 0:01:01]} dxc4 {[%emt 0:06:49]} 28. Bxc4 {[%emt 0:00:38]} Bb5 {[%emt 0:02:46]} 29. Bxb5 {[%emt 0:03:38]} Rxb5 {[%emt 0:00:08]} 30. Rc6+ {[%emt 0:00:05]} Ke7 {[%emt 0:02:47]} 31. a4 {[%emt 0:00:42]} Rd5 {[%emt 0:00:15]} 32. b4 {[%emt 0:00:21]} axb4 {[%emt 0:05:59]} 33. Rxb4 {[%emt 0:00:30]} g4 {[%emt 0:02:13]} 34. Kf2 {[%emt 0:00:52]} Kd7 {[%emt 0:03:57]} 35. Rh6 {[%emt 0:03:01]} gxf3 {[%emt 0:05:57]} 36. Kxf3 {[%emt 0:10:05]} d3 {[%emt 0:04:06]} 37. Rb7+ {[%emt 0:00:14]} Kc8 {[%emt 0:00:04]} 38. Rb1 {[%emt 0:00:04]} Rd4 {[%emt 0:04:08]} 39. a5 {[%emt 0:01:28]} e4+ {[%emt 0:01:23]} 40. Ke3 {[%emt 0:00:00]} Ra4 {[%emt 0:00:00]} 41. Re6 {[%emt 0:03:05]} Rxa5 {[%emt 0:09:29]} 42. Rxe4 {[%emt 0:02:22]} Ra2 {[%emt 0:02:09]} 43. g4 {[%emt 0:13:39]} Rxh2 {[%emt 0:03:42]} 44. Kxd3 {[%emt 0:00:43]} Rd8+ {[%emt 0:02:39]} 45. Ke3 {[%emt 0:01:26]} Rd5 {[%emt 0:00:56]} 46. Rg1 {[%emt 0:03:58]} Kd7 {[%emt 0:02:02]} 47. Kf4 {[%emt 0:00:17]} Rh3 {[%emt 0:03:54]} 48. g5 {[%emt 0:06:21]} Rh4+ {[%emt 0:03:13]} 49. Rg4 {[%emt 0:00:07]} Rxg4+ {[%emt 0:00:10]} 50. Kxg4 {[%emt 0:00:07]} Rd1 {[%emt 0:00:16]} 51. Ra4 {[%emt 0:01:36]} Ke6 {[%emt 0:00:25]} 52. Ra6+ {[%emt 0:03:50]} Ke5 1/2-1/2

[Event "4th Memorial Warakomska-B 2020"]
[Site "Suwalki"]
[Date "2020.08.10"]
[Round "6.3"]
[White "Wierzbicki, Michal"]
[Black "Kiolbasa, Damian"]
[Result "1-0"]
[WhiteElo "1849"]
[BlackElo "1973"]
[Annotator "ChessBase"]
[PlyCount "91"]
[EventDate "2020.08.06"]
[EventType "swiss"]
[EventCountry "POL"]
[SourceTitle "playchess.com"]
[Source "ChessBase"]
[SourceQuality "1"]
[TimeControl "40/5400+30:1800+30"]

1. d4 {[%emt 0:00:00]} Nf6 {[%emt 0:00:00]} 2. Nf3 {[%emt 0:00:00]} g6 {[%emt 0:00:00]} 3. c4 {[%emt 0:00:00]} Bg7 {[%emt 0:00:00]} 4. Nc3 {[%emt 0:00:00]} d6 {[%emt 0:00:00]} 5. e4 {[%emt 0:00:14]} O-O {[%emt 0:00:00]} 6. Be2 {[%emt 0:00:23]} e5 {[%emt 0:00:02]} 7. O-O {[%emt 0:00:41]} Nc6 {[%emt 0:00:02]} 8. d5 {[%emt 0:00:30]} Ne7 {[%emt 0:00:01]} 9. Ne1 {[%emt 0:01:01]} Ne8 {[%emt 0:00:08]} 10. Be3 {[%emt 0:01:07]} f5 {[%emt 0:00:02]} 11. f3 {[%emt 0:00:14]} f4 {[%emt 0:00:01]} 12. Bf2 {[%emt 0:00:11]} g5 {[%emt 0:00:07]} 13. c5 {[%emt 0:03:08]} h5 {[%emt 0:00:33]} 14. a4 {[%emt 0:05:12]} Ng6 {[%emt 0:00:35]} 15. a5 {[%emt 0:10:16]} Nf6 {[%emt 0:03:22]} 16. cxd6 {[%emt 0:02:40]} cxd6 {[%emt 0:00:04]} 17. Nb5 {[%emt 0:00:24]} g4 {[%emt 0:03:35]} 18. Nxa7 {[%emt 0:11:28]} g3 {[%emt 0:00:37]} 19. Bb6 {[%emt 0:00:27]} Qe7 {[%emt 0:00:05]} 20. Nxc8 {[%emt 0:03:29]} Rfxc8 {[%emt 0:00:55]} 21. Kh1 {[%emt 0:09:28]} Nd7 {[%emt 0:13:23]} 22. Bg1 {[%emt 0:00:40]} gxh2 {[%emt 0:00:07]} 23. Bf2 {[%emt 0:01:10]} Bf6 {[%emt 0:00:24]} 24. b4 {[%emt 0:01:57]} Bh4 {[%emt 0:00:12]} 25. Bb5 {[%emt 0:10:05]} Bxf2 {[%emt 0:07:27]} 26. Rxf2 {[%emt 0:01:18]} Qh4 {[%emt 0:00:01]} 27. Rc2 {[%emt 0:02:57]} Nf6 {[%emt 0:00:12]} 28. Rac1 {[%emt 0:02:49]} Rxc2 {[%emt 0:03:10]} 29. Qxc2 {[%emt 0:01:38]} Kh8 {[%emt 0:05:42]} 30. Nd3 {[%emt 0:05:42]} Rg8 {[%emt 0:02:23]} 31. Qf2 {[%emt 0:01:58]} Qg5 {[%emt 0:00:41]} 32. a6 {[%emt 0:00:59]} bxa6 {[%emt 0:00:26]} 33. Bxa6 {[%emt 0:00:06]} h4 {[%emt 0:01:35]} 34. Bc8 {[%emt 0:04:39]} Ne7 {[%emt 0:07:32]} 35. Be6 {[%emt 0:00:17]} Ra8 {[%emt 0:02:06]} 36. b5 {[%emt 0:01:54]} Ra3 {[%emt 0:00:02]} 37. Rb1 {[%emt 0:05:51]} h3 {[%emt 0:11:36]} 38. b6 {[%emt 0:09:13]} Rxd3 {[%emt 0:14:38]} 39. Bxh3 {[%emt 0:04:39]} Qg8 {[%emt 0:12:55]} 40. Qh4+ {[%emt 0:00:00]} Nh7 {[%emt 0:00:00]} 41. b7 {[%emt 0:03:29]} Qb8 {[%emt 0:01:22]} 42. Qxe7 {[%emt 0:01:07]} Rc3 {[%emt 0:00:31]} 43. Ra1 {[%emt 0:07:38]} Rc7 {[%emt 0:05:50]} 44. Ra8 {[%emt 0:04:19]} Rxe7 {[%emt 0:01:49]} 45. Rxb8+ {[%emt 0:00:33]} Kg7 {[%emt 0:00:36]} 46. Rg8+ {[%emt 0:00:33]} 1-0